000
00334 a2200157 4500
001
195028
040
_c
Magnum
100
_a
Antonio Filho
240
1
0
_a
Uma estória de assombrar
_l
por
245
1
0
_a
Uma estória de assombrar
300
_a
17
362
0
_a
2013
440
1
_a
SEDUC
697
_a
LITERATURA INFANTO
942
_c
BK
999
_c
195028
_d
195028